Hindi B -Class X (Record no. 11637)

MARC details
000 -LEADER
fixed length control field 00259nam a22000977a 4500
008 - FIXED-LENGTH DATA ELEMENTS--GENERAL INFORMATION
fixed length control field 190923b ||||| |||| 00| 0 eng d
020 ## - INTERNATIONAL STANDARD BOOK NUMBER
International Standard Book Number 978938878809
100 ## - MAIN ENTRY--PERSONAL NAME
Personal name Goyal Brothers
9 (RLIN) 7340
245 ## - TITLE STATEMENT
Title Hindi B -Class X
260 ## - PUBLICATION, DISTRIBUTION, ETC. (IMPRINT)
Place of publication, distribution, etc. New Delhi
Name of publisher, distributor, etc. Goyal Publications
Date of publication, distribution, etc. 2019
Holdings
Withdrawn status Lost status Source of classification or shelving scheme Damaged status Koha normalized classification for sorting Not for loan Home library Current library Shelving location Date acquired Total Checkouts Full call number Barcode Date last seen Price effective from Koha item type
    Dewey Decimal Classification   4OH   Good Samaritan School Library Good Samaritan School Library HINDI 09/23/2019   4OH GOY15486 09/23/2019 09/23/2019 BOOK

Powered by Koha